Celebrity Early Head Shots V Quiz Stats

 Plays Quiz Updated Sep 25, 2019

Score 0/8 Timer 01:00
3 Plays Today
% Correct
Matt Damon
97.6%
Amy Adams
93.2%
Patrick Stewart
93.1%
Leah Remini
90.3%
Tori Spelling
90.3%
Stephen Colbert
89.1%
Zach Braff
86.1%
Cary Elwes
81.5%

You're not logged in!

Compare scores with friends on all Sporcle quizzes.
OR
Log In

Sporcle TV

Today on Sporcle TV


Watch our educational content, quiz creation guides, and fun videos on Sporcle TV.

Show Comments

Extras

Top Quizzes Today


Score Distribution

Your Account Isn't Verified!

In order to create a playlist on Sporcle, you need to verify the email address you used during registration. Go to your Sporcle Settings to finish the process.

Report this User

Report this user for behavior that violates our Community Guidelines.

Details: